| 000 | 00637nam a22002057a 4500 | ||
|---|---|---|---|
| 999 |
_c9761 _d9761 |
||
| 003 | BD-JhCC | ||
| 005 | 20180325134807.0 | ||
| 008 | 180325b1971 bg ||||| |||| 00| 0 ben d | ||
| 035 | _a(BD-JhCC) | ||
| 040 |
_aBD-JhCC _dBD-JhCC |
||
| 041 | _aben | ||
| 082 |
_a100 _bRAH 1971 |
||
| 100 | _aসাংকৃত্যায়ন, রাহুল | ||
| 245 |
_aবৈজ্ঞানিক বস্তুবাদ / _cরাহুল সাংকৃত্যায়ন |
||
| 260 |
_aঢাকা : _bপ্রকাশ ভবন _c1971. |
||
| 300 |
_a136 p. : _c22 cm. |
||
| 650 | _aMaterialism | ||
| 942 |
_2ddc _cBK |
||